|
|
|
|
| LEADER |
00000cam a2200000 7i4500 |
| 001 |
0000015664 |
| 005 |
20080403.0 |
| 008 |
080403 |
| 020 |
|
|
|a 9812323686
|
| 090 |
0 |
0 |
|a 153.35
|b WIL
|
| 100 |
1 |
|
|a Williams, Larry R
|
| 245 |
1 |
0 |
|a 8 windows 2 creative thinking :
|b generate ideas, boost brainpower, innovate and change
|c Larry R. Williams
|
| 246 |
1 |
|
|a eight windows two creative thinking
|
| 260 |
|
|
|a Singapore :
|b Marshall Cavendish Editions ,
|c 2006
|
| 650 |
|
0 |
|a Creative ability
|
| 650 |
|
0 |
|a Creative thinking
|
| 999 |
|
|
|a 0001018309
|b Book
|c Adult Collection
|e Cawangan Kota Tinggi
|
| 999 |
|
|
|a 0001018310
|b Book
|c Adult Collection
|e Perbadanan Perpustakaan Awam Johor
|
| 999 |
|
|
|a 0001018311
|b Book
|c Adult Collection
|e Cawangan Kota Tinggi
|
| 999 |
|
|
|a 0001018313
|b Book
|c Adult Collection
|e Perbadanan Perpustakaan Awam Johor
|